000 00710nam a2200265Ia 4500
008 170203s9999 xx 000 0 und d
020 _a9712337707
050 _a371.4
050 _b.M539g 2003
100 _aDecal-Mendoza, Elenita.
245 _aGuidance and counseling today /
245 _c Elenita Decal-Mendoza.
260 _aManila :
260 _bRex Book Store
260 _cc2003
300 _a93 pages;
300 _c23 cm.
500 _aIncludes index.
650 _aCounseling -- Counseling services
650 _aCounseling approach
650 _aHomevisitation and case study
650 _aThe Guidance program
650 _aThe Guidance services
650 _xCounseling
999 _c305435
_d305435